Bude komisia pre národnosti? Komisár KBSE skončil návštevu Slovenska

Bibliographic Details
Main Author: Stoel, Max van der (Author)
Format: Article
Language:Slovak
Subjects:

MARC

LEADER 00000nab a2200000 a 4500
001 vtls000474411
003 SK-MaSNL
005 20260303004201.0
008 120926c1993 xo 0 slo
015 |a SNBRB19rr/mm-uuuuu 
035 |a CL0474545 
040 |a SNKBUCL  |b slo  |c SNKBUCL  |e AACR2 
041 0 |a slo 
044 |a xo  |c SK 
080 |a 323.15(4)  |2 1981 
245 0 0 |a Bude komisia pre národnosti?  |b Komisár KBSE skončil návštevu Slovenska 
650 0 7 |a Konferencia o bezpečnosti a spolupráci v Európe  |2 snkbucl  |9 939524 
655 7 |a články z novín a časopisov  |2 snkbucl  |9 267496 
700 1 |a Stoel, Max van der  |4 aut  |9 575286 
773 0 |t Národná obroda  |g Roč. 4, č. 41 (19. 2. 1993), s. 2 
850 |a Slovenská národná knižnica v Martine  |a MTA001 
852 |a SNK  |b KIS3GCP 
958 |a RK 
992 |a RBX 
999 |c 1576438  |d 1578368